| 000 | 00688nam a22002177a 4500 | ||
|---|---|---|---|
| 003 | OSt | ||
| 005 | 20260210085259.0 | ||
| 008 | 260210b |||||||| |||| 00| 0 eng d | ||
| 020 | _a978-981-48-3904-4 | ||
| 040 |
_aDWC-Main lib _cOC |
||
| 082 |
_2Tenth edition _aCirc. 530 S492p 2018 |
||
| 100 | _aSerway, Raymond | ||
| 245 |
_a Physics for Scientist and Engineers/ _bRaymond Serway |
||
| 250 | _aTenth edition | ||
| 260 |
_aSingapore : _bCengage learning Asia pte ltd, _cc2018. |
||
| 300 |
_axxviii, 1047 pages : _b illustrations ; _c 25cm. |
||
| 504 | _aIncludes index | ||
| 650 | _a1. Physics | ||
| 700 | _aJohn Jewett Jr. | ||
| 942 |
_2ddc _cBK-CIRC _eTenth edition _kCirc. _n0 |
||
| 999 |
_c8349 _d8349 |
||